Statistics for Countries with youngest life expectancy

Click here to take the quiz!

General Stats

  • This quiz has been taken 17 times
  • The average score is 26 of 35

Answer Stats

Hint Answer % Correct
50.1 years (S,L)sierra leone
94%
52.5 years (C,A,R)central african republic
94%
59.8 years (D,R,O,T,C)democratic republic of the congo
94%
61.8 years (Z)zambia
88%
52.4 years (A)angola
88%
61.4 years (L)liberia
82%
60.7 years (Z)zimbabwe
82%
57.3 years (C)cameroon
82%
61.8 years (N)niger
82%
59.9 years (T)togo
82%
59.9 years (B,F)burkina faso
82%
61.8 years (T)tanzania
76%
63.1 years (M)mauritania
76%
62.4 years (G)ghana
76%
59.6 years (B)burundi
76%
58.2 years (E,Q)equatorial guinea
76%
54.5 years (N)nigeria
76%
57.3 years (S,S)south sudan
76%
58.3 years (M)malawi
76%
53.7 years (L)lesotho
76%
53.1 years (C)chad
76%
55 years (S)somalia
71%
62.9 years (S,A)south africa
71%
62.9 years (P,N,G)papua new guinea
71%
62.3 years (U)uganda
71%
58.9 years (G,B)guinea-bissau
71%
58.9 years (S)swaziland
71%
59 years (G)guinea
71%
58.2 years (M)mali
71%
60 years (B)benin
71%
57.6 years (M)mozambique
71%
63.4 years (K)kenya
71%
60.5 years (A)afghanistan
65%
53.3 years (C,D)cote d'ivoire
41%
61.1 years (T,G)the gambia
29%

Score Distribution

Percentile by Number Answered

Percent of People with Each Score

Your Score History

You have not taken this quiz